Paroles Respire-Mickey3D - Statistiques

Statistiques générales
  • Ce quiz a été pris 193 fois
  • Le résultat moyen est 322 sur 411
Statistiques - réponses
Réponse % Correct
il
100%
Il
100%
tu
98%
Tu
98%
que
97%
de
96%
De
96%
faut
96%
a
95%
à
95%
A
95%
le
93%
Le
93%
respires
93%
pas
92%
vus
92%
Et
90%
et
90%
Je
90%
la
90%
te
90%
mourir
89%
rien
89%
rire
89%
ça
88%
C'est
88%
c'est
88%
dire
88%
vas
88%
Au
86%
au
86%
ma
86%
se
86%
y
86%
Y
86%
bien
85%
début
85%
Les
85%
les
85%
moi
85%
avait
84%
Des
83%
des
83%
c'était
82%
humain
82%
l'être
82%
l'histoire
82%
raconter
82%
dans
81%
du
81%
pour
81%
pu
81%
ses
81%
un
81%
vais
81%
avec
80%
En
80%
gamin
79%
Mais
79%
mais
79%
ils
78%
Ils
78%
petit
78%
tout
78%
comme
76%
On
76%
on
76%
as
75%
aux
75%
Puis
75%
toi
75%
faire
74%
l'homme
74%
plus
74%
faute
73%
t'en
73%
72%
con
71%
deux
71%
nature
71%
souliers
71%
débarqué
70%
Pourquoi
70%
anciens
69%
écoute-moi
69%
gros
69%
qu'on
69%
Qu'on
69%
tes
69%
T'es
69%
sont
68%
une
68%
animaux
67%
chemin
67%
demanderont
67%
forêt
67%
oiseaux
67%
demain
66%
mains
66%
fin
65%
65%
oeil
65%
passeras
65%
t'as
65%
trois
65%
aura
64%
comment
64%
coups
64%
empire
64%
est
64%
mouvements
64%
printemps
64%
respecter
64%
revenaient
64%
commencé
63%
laisser
63%
pieds
63%
plein
63%
qu'un
63%
joli
62%
laver
62%
leur
62%
personne
62%
temps
62%
avançait
61%
milieu
61%
part
61%
routes
61%
tous
61%
veille
61%
était
59%
front
59%
même
59%
mis
59%
arrière
58%
beau
58%
fera
58%
gueule
58%
marche
58%
déserts
57%
sens
57%
unique
57%
jours
56%
partout
56%
pire
56%
s'est
56%
j'connais
55%
pouvais
55%
prés
55%
Quelque
55%
T'auras
55%
cette
54%
n'auront
54%
polluer
54%
raconteras
54%
bas
53%
expliquer
53%
fosse
53%
l'époque
53%
pliée
53%
purin
53%
tracer
53%
chou
52%
diront
52%
histoire
52%
petits-enfants
52%
plutôt
52%
remplit
52%
trou
52%
voilà
52%
défendre
51%
multipliées
51%
Alors
50%
esclaves
47%
sentir
47%
coupable
46%
allongé
44%
Approche-toi
44%
sans
44%
fruits
43%
incapable
43%
Manger
43%
l'herbe
42%
maîtrisés
42%
plaine
42%
éléments
41%
arbres
40%
feuille
40%
bouffé
38%
flèches
38%
misérables
38%
années
37%
quelques
37%
ici
36%
regarder
36%
cent
35%
moitié
33%
assassin
31%
D'ici
30%
défroqués
27%
Aucun quiz correspondant
Distribution des résultats
% des personnes avec chaque résultat
Percentile par nombre de réponses
Votre historique - résultats
Vous n’avez pas pris ce quiz